Compendio de retórica y poética ó de preceptiva literaria / (Record no. 154577)

MARC details
000 -LEADER
campo de control de longitud fija 00761nam a2200193 i 4500
001 - NÚMERO DE CONTROL
campo de control 154577
003 - IDENTIFICADOR DE NÚMERO DE CONTROL
campo de control ES-MaACL
005 - FECHA Y HORA DE LA ÚLTIMA TRANSACCIÓN
campo de control 20230906205802.0
008 - DATOS DE LONGITUD FIJA--INFORMACIÓN GENERAL
campo de control de longitud fija 971107s1877 sp |||| | spa d
040 ## - FUENTE DE CATALOGACIÓN
Centro catalogador/agencia de origen CLM
Lengua de catalogación spa
Centro/agencia transcriptor CLM
100 1# - ENTRADA PRINCIPAL--NOMBRE DE PERSONA
Nombre de persona González Garbín, Antonio.
9 (RLIN) 127411
245 10 - MENCIÓN DEL TÍTULO
Título Compendio de retórica y poética ó de preceptiva literaria /
Mención de responsabilidad, etc. por A. González Garbin.
250 ## - MENCION DE EDICION
Mención de edición 2ª ed. notablemente corr. y aum.
260 ## - PUBLICACIÓN, DISTRIBUCIÓN, ETC.
Lugar de publicación, distribución, etc. Granada :
Nombre del editor, distribuidor, etc. Imp. y Lib. de D. José López Guevara,
Fecha de publicación, distribución, etc. 1877.
300 ## - DESCRIPCIÓN FÍSICA
Extensión 224 p. ;
Dimensiones 24 cm.
650 04 - PUNTO DE ACCESO ADICIONAL DE MATERIA--TÉRMINO DE MATERIA
Término de materia o nombre geográfico como elemento de entrada Retórica.
9 (RLIN) 16882
650 04 - PUNTO DE ACCESO ADICIONAL DE MATERIA--TÉRMINO DE MATERIA
Término de materia o nombre geográfico como elemento de entrada Poética.
9 (RLIN) 16254
852 ## - LOCALIZACIÓN
Ubicación ES-MaACL
Número de control de estantería T-313-F-3
Nota libre -- Enc. hol., falto de la cub. original
-- -- Enc. en un vol. facticio
-- -- Ejemp. n. 133, autentificado con la firma del autor
Holdings
Estatus retirado Estado de pérdida Estado de daño No para préstamo Colección Biblioteca de origen Biblioteca actual Ubicación en estantería Fecha de adquisición Total de préstamos Signatura topográfica completa Código de barras Visto por última vez Precio de reemplazo Tipo de ítem Koha
        Colección de folletos Biblioteca del Ateneo de Madrid Biblioteca del Ateneo de Madrid Depósito folletos 17/01/2008   T-313-F-3 1161667 23/02/2023 23/02/2023 Folleto